<?xml version="1.0" encoding="UTF-8"?>
<record
    xmlns:xsi="http://www.w3.org/2001/XMLSchema-instance"
    xsi:schemaLocation="http://www.loc.gov/MARC21/slim http://www.loc.gov/standards/marcxml/schema/MARC21slim.xsd"
    xmlns="http://www.loc.gov/MARC21/slim">

  <leader>01188    a2200193   4500</leader>
  <controlfield tag="003">Nust</controlfield>
  <controlfield tag="005">20221011133615.0</controlfield>
  <datafield tag="010" ind1=" " ind2=" ">
    <subfield code="a">   73013814</subfield>
  </datafield>
  <datafield tag="020" ind1=" " ind2=" ">
    <subfield code="a">0070386854</subfield>
  </datafield>
  <datafield tag="040" ind1=" " ind2=" ">
    <subfield code="c">Nust</subfield>
  </datafield>
  <datafield tag="082" ind1="0" ind2="0">
    <subfield code="a">540,LON</subfield>
  </datafield>
  <datafield tag="100" ind1="1" ind2=" ">
    <subfield code="a">Longo, Frederick R.</subfield>
    <subfield code="9">99897</subfield>
  </datafield>
  <datafield tag="245" ind1="1" ind2="0">
    <subfield code="a">General chemistry: </subfield>
    <subfield code="b">interaction of matter, energy, and man /</subfield>
    <subfield code="c">Frederick R. Longo.</subfield>
  </datafield>
  <datafield tag="260" ind1=" " ind2=" ">
    <subfield code="a">New York,</subfield>
    <subfield code="b">McGraw-Hill</subfield>
    <subfield code="c">[1974]</subfield>
  </datafield>
  <datafield tag="300" ind1=" " ind2=" ">
    <subfield code="a">xxi, 765 p.</subfield>
    <subfield code="b">illus.</subfield>
    <subfield code="c">24 cm.</subfield>
  </datafield>
  <datafield tag="505" ind1=" " ind2=" ">
    <subfield code="a">Atoms and Molecules (Page-1), Basic Concepts (Page-9), Electrons in Atoms (Page-37), The Periodic Law (Page-70), Valence Theory (Page-90), The Gaseous State (Page-151), Crystalline Solids (Page-187), Liquid and a Comparison of the Three States of Matter (Page-217), The Dissolved State (Page-242), Thermo chemistry and Thermodynamic (Page-276),Chemical Equilibrium     (Page-313), Electrochemistry (Page-341),  Acids, Bases and Ions Equilibra (Page-381), Electrolyte Solutions (Page-432), Organs Chemistry (Page-454), The Chemistry of the Living Cell (Page-514), Chemical Kinetics (Page-550), The Transition Metals (Page-645), Nuclear Chemistry (Page-693), The Environment (Page-720),</subfield>
  </datafield>
  <datafield tag="650" ind1=" " ind2="0">
    <subfield code="a">Chemistry.</subfield>
  </datafield>
  <datafield tag="942" ind1=" " ind2=" ">
    <subfield code="2">ddc</subfield>
    <subfield code="c">BK</subfield>
  </datafield>
  <datafield tag="999" ind1=" " ind2=" ">
    <subfield code="c">183427</subfield>
    <subfield code="d">183427</subfield>
  </datafield>
  <datafield tag="952" ind1=" " ind2=" ">
    <subfield code="0">0</subfield>
    <subfield code="1">0</subfield>
    <subfield code="2">ddc</subfield>
    <subfield code="4">0</subfield>
    <subfield code="7">0</subfield>
    <subfield code="a">MCS</subfield>
    <subfield code="b">MCS</subfield>
    <subfield code="c">GEN</subfield>
    <subfield code="d">2016-12-12</subfield>
    <subfield code="o">540,LON</subfield>
    <subfield code="p">MCS6463</subfield>
    <subfield code="r">2016-12-08</subfield>
    <subfield code="w">2016-12-12</subfield>
    <subfield code="y">BK</subfield>
    <subfield code="z">Almirah No.25, Shelf No.2</subfield>
  </datafield>
</record>
